<?xml version="1.0" encoding="UTF-8"?>
<record
    xmlns:xsi="http://www.w3.org/2001/XMLSchema-instance"
    xsi:schemaLocation="http://www.loc.gov/MARC21/slim http://www.loc.gov/standards/marcxml/schema/MARC21slim.xsd"
    xmlns="http://www.loc.gov/MARC21/slim">

  <leader>03203nam a2200409 a 4500</leader>
  <controlfield tag="003">CHAP</controlfield>
  <controlfield tag="005">20230320172640.0</controlfield>
  <controlfield tag="007">ta</controlfield>
  <controlfield tag="008">230320s2012    sp o|||f |||| 001 0 spa d</controlfield>
  <datafield tag="020" ind1=" " ind2=" ">
    <subfield code="a">978-84-8476-507-3</subfield>
  </datafield>
  <datafield tag="040" ind1=" " ind2=" ">
    <subfield code="a">mxchpua</subfield>
    <subfield code="c">CHAP</subfield>
    <subfield code="e">rda</subfield>
  </datafield>
  <datafield tag="050" ind1="1" ind2="0">
    <subfield code="a">SB353</subfield>
    <subfield code="b">.S26 2012</subfield>
  </datafield>
  <datafield tag="082" ind1="0" ind2="0">
    <subfield code="a">635.8</subfield>
    <subfield code="b">S26 2012</subfield>
    <subfield code="2">20</subfield>
  </datafield>
  <datafield tag="100" ind1="1" ind2=" ">
    <subfield code="9">186469</subfield>
    <subfield code="a">S&#xE1;nchez Rodr&#xED;guez,  Juan Antonio</subfield>
    <subfield code="e">autor </subfield>
  </datafield>
  <datafield tag="245" ind1="1" ind2="0">
    <subfield code="a">Setas comestibles y t&#xF3;xicas : </subfield>
    <subfield code="b">diferencias y semejanzas / </subfield>
    <subfield code="c">Juan Antonio S&#xE1;nchez Rodr&#xED;guez ; fot&#xF3;grafos Aurelio Garc&#xED;a Blanco...[y otros] </subfield>
  </datafield>
  <datafield tag="250" ind1=" " ind2=" ">
    <subfield code="a">1a edici&#xF3;n</subfield>
  </datafield>
  <datafield tag="264" ind1=" " ind2=" ">
    <subfield code="a">Espa&#xF1;a : </subfield>
    <subfield code="b">Mundi-Prensa,</subfield>
    <subfield code="c">2012</subfield>
  </datafield>
  <datafield tag="300" ind1=" " ind2=" ">
    <subfield code="a">301 p&#xE1;ginas : </subfield>
    <subfield code="b">fotos </subfield>
  </datafield>
  <datafield tag="336" ind1=" " ind2=" ">
    <subfield code="2">rdacontent</subfield>
    <subfield code="a">texto</subfield>
    <subfield code="b">txt</subfield>
  </datafield>
  <datafield tag="337" ind1=" " ind2=" ">
    <subfield code="2">rdamedia</subfield>
    <subfield code="a">sin medio</subfield>
    <subfield code="b">n</subfield>
  </datafield>
  <datafield tag="338" ind1=" " ind2=" ">
    <subfield code="2">rdacarrier</subfield>
    <subfield code="a">volumen</subfield>
    <subfield code="b">nc</subfield>
  </datafield>
  <datafield tag="504" ind1=" " ind2=" ">
    <subfield code="a">Bibliograf&#xED;a: p&#xE1;ginas 277-283</subfield>
  </datafield>
  <datafield tag="505" ind1="0" ind2=" ">
    <subfield code="a">1. Comercializaci&#xF3;n de setas para uso alimentario. --
Setas silvestres que pueden ser objeto de comercializaci&#xF3;n en fresco. --
Setas cultivadas que pueden ser objeto de comercializaci&#xF3;n en fresco. --
Setas que solo pueden ser objeto de comercializaci&#xF3;n tras un tratamiento. --
Setas que no se pueden comercializar en ninguna presentaci&#xF3;n. --

2. Setas venenosas. Intoxicaciones m&#xE1;s frecuentes. --
Intoxicaciones de larga incubaci&#xF3;n. Intoxicaciones de corta incubaci&#xF3;n. --
Otras intoxicaciones. --

3. Setas comestibles y t&#xF3;xicas. Diferencias y semejanzas. --

4. Normas y consejos para la recolecci&#xF3;n y consumo de setas.</subfield>
  </datafield>
  <datafield tag="520" ind1="2" ind2=" ">
    <subfield code="a">En el Reino de los Hongos existen setas comestibles que todos los a&#xF1;os atraen a multitud de aficionados por sus caracter&#xED;sticas organol&#xE9;pticas pero tambi&#xE9;n existen especies t&#xF3;xicas que son perjudiciales para la salud y que pueden llegar a ser mortales. En las &#xFA;ltimas d&#xE9;cadas este apasionante mundo de las setas nos ha sorprendido por la aparici&#xF3;n de nuevas especies t&#xF3;xicas y por el descubrimiento de nuevos tipos de intoxicaci&#xF3;n. Este libro es una aportaci&#xF3;n novedosa para los aficionados porque describe y compara las especies comestibles m&#xE1;s frecuentes con las t&#xF3;xicas semejantes, explica los distintos tipos de intoxicaciones con las especies causantes y con fotograf&#xED;as en color, as&#xED; como los s&#xED;ntomas y los tratamientos. Para ayudar m&#xE1;s al lector se ha utilizado la normativa existente, el Real Decreto 30/2009, de 16 de enero, por el que se establecen las condiciones sanitarias para la comercializaci&#xF3;n de setas para uso alimentario, adaptado a los nuevos conocimientos y estudios realizados en las &#xFA;ltimas d&#xE9;cadas que, por ejemplo, proh&#xED;be el consumo de especies como Tricholoma equestre = T. auratum que tradicionalmente se consideraba comestible.</subfield>
  </datafield>
  <datafield tag="650" ind1="1" ind2="3">
    <subfield code="9">56084</subfield>
    <subfield code="a">Hongos</subfield>
  </datafield>
  <datafield tag="650" ind1="1" ind2="3">
    <subfield code="9">56124</subfield>
    <subfield code="a">Hongos comestibles</subfield>
    <subfield code="x">Comercializaci&#xF3;n</subfield>
  </datafield>
  <datafield tag="650" ind1="1" ind2="3">
    <subfield code="9">56138</subfield>
    <subfield code="a">Hongos venenosos</subfield>
  </datafield>
  <datafield tag="650" ind1="1" ind2="3">
    <subfield code="9">186474</subfield>
    <subfield code="a">Intoxicaci&#xF3;n por setas</subfield>
  </datafield>
  <datafield tag="650" ind1="1" ind2="3">
    <subfield code="9">186475</subfield>
    <subfield code="a">Toxinas de los hongos</subfield>
  </datafield>
  <datafield tag="650" ind1="1" ind2="3">
    <subfield code="9">147639</subfield>
    <subfield code="a">Mushrooms  </subfield>
  </datafield>
  <datafield tag="650" ind1="1" ind2="3">
    <subfield code="9">155438</subfield>
    <subfield code="a">Edible fungi  </subfield>
    <subfield code="x">Commercialization</subfield>
  </datafield>
  <datafield tag="650" ind1="1" ind2="3">
    <subfield code="9">186472</subfield>
    <subfield code="a">Poisonous fungi</subfield>
  </datafield>
  <datafield tag="650" ind1="1" ind2="3">
    <subfield code="9">186476</subfield>
    <subfield code="a">Mushroom poisoning</subfield>
  </datafield>
  <datafield tag="650" ind1="1" ind2="3">
    <subfield code="9">186477</subfield>
    <subfield code="a">Mushroom toxins</subfield>
  </datafield>
  <datafield tag="700" ind1="1" ind2=" ">
    <subfield code="9">186473</subfield>
    <subfield code="a">Garc&#xED;a Blanco, Aurelio</subfield>
    <subfield code="e">fot&#xF3;grafo</subfield>
  </datafield>
  <datafield tag="942" ind1=" " ind2=" ">
    <subfield code="2">ddc</subfield>
    <subfield code="c">Libro</subfield>
  </datafield>
  <datafield tag="999" ind1=" " ind2=" ">
    <subfield code="c">218563</subfield>
    <subfield code="d">218563</subfield>
  </datafield>
  <datafield tag="952" ind1=" " ind2=" ">
    <subfield code="0">0</subfield>
    <subfield code="1">0</subfield>
    <subfield code="2">ddc</subfield>
    <subfield code="4">0</subfield>
    <subfield code="5">1</subfield>
    <subfield code="7">0</subfield>
    <subfield code="8">GRAL</subfield>
    <subfield code="a">IA_</subfield>
    <subfield code="b">IA_</subfield>
    <subfield code="d">2021-12-09</subfield>
    <subfield code="e">Compra Librer&#xED;a UACh F 39632</subfield>
    <subfield code="i">Consumo</subfield>
    <subfield code="l">0</subfield>
    <subfield code="o">635.8 S26 2012</subfield>
    <subfield code="p">1102014468</subfield>
    <subfield code="r">2023-03-20 00:00:00</subfield>
    <subfield code="t">Ej. 1 </subfield>
    <subfield code="w">2023-03-20</subfield>
    <subfield code="y">LIBRO</subfield>
  </datafield>
  <datafield tag="952" ind1=" " ind2=" ">
    <subfield code="0">0</subfield>
    <subfield code="1">0</subfield>
    <subfield code="2">ddc</subfield>
    <subfield code="4">0</subfield>
    <subfield code="5">5</subfield>
    <subfield code="7">0</subfield>
    <subfield code="8">GRAL</subfield>
    <subfield code="a">IA_</subfield>
    <subfield code="b">IA_</subfield>
    <subfield code="d">2021-12-09</subfield>
    <subfield code="e">Compra Librer&#xED;a UACh F 39632</subfield>
    <subfield code="i">Consumo</subfield>
    <subfield code="l">0</subfield>
    <subfield code="o">635.8 S26 2012</subfield>
    <subfield code="p">1102014469</subfield>
    <subfield code="r">2023-03-20 00:00:00</subfield>
    <subfield code="t">Ej. 2</subfield>
    <subfield code="w">2023-03-20</subfield>
    <subfield code="y">LIBRO</subfield>
  </datafield>
  <datafield tag="952" ind1=" " ind2=" ">
    <subfield code="0">0</subfield>
    <subfield code="1">0</subfield>
    <subfield code="2">ddc</subfield>
    <subfield code="4">0</subfield>
    <subfield code="5">5</subfield>
    <subfield code="7">0</subfield>
    <subfield code="8">GRAL</subfield>
    <subfield code="a">IA_</subfield>
    <subfield code="b">IA_</subfield>
    <subfield code="d">2021-12-09</subfield>
    <subfield code="e">Compra Librer&#xED;a UACh F 39632</subfield>
    <subfield code="i">Consumo</subfield>
    <subfield code="l">2</subfield>
    <subfield code="o">635.8 S26 2012</subfield>
    <subfield code="p">1102014470</subfield>
    <subfield code="r">2025-09-11 19:34:37</subfield>
    <subfield code="s">2025-09-11</subfield>
    <subfield code="t">Ej. 3</subfield>
    <subfield code="w">2023-03-20</subfield>
    <subfield code="y">LIBRO</subfield>
  </datafield>
  <datafield tag="952" ind1=" " ind2=" ">
    <subfield code="0">0</subfield>
    <subfield code="1">0</subfield>
    <subfield code="2">ddc</subfield>
    <subfield code="4">0</subfield>
    <subfield code="5">2</subfield>
    <subfield code="7">0</subfield>
    <subfield code="8">GRAL</subfield>
    <subfield code="a">BC</subfield>
    <subfield code="b">BC</subfield>
    <subfield code="c">PP_GRAL</subfield>
    <subfield code="d">2023-09-13</subfield>
    <subfield code="l">0</subfield>
    <subfield code="o">579.5 S21</subfield>
    <subfield code="p">33724002578033</subfield>
    <subfield code="r">2023-09-13 00:00:00</subfield>
    <subfield code="w">2023-09-13</subfield>
    <subfield code="y">LIBRO</subfield>
  </datafield>
  <datafield tag="952" ind1=" " ind2=" ">
    <subfield code="0">0</subfield>
    <subfield code="1">0</subfield>
    <subfield code="2">ddc</subfield>
    <subfield code="4">0</subfield>
    <subfield code="5">2</subfield>
    <subfield code="7">0</subfield>
    <subfield code="8">GRAL</subfield>
    <subfield code="a">BC</subfield>
    <subfield code="b">BC</subfield>
    <subfield code="c">PP_GRAL</subfield>
    <subfield code="d">2023-09-13</subfield>
    <subfield code="l">0</subfield>
    <subfield code="o">579.5 S21</subfield>
    <subfield code="p">33724002578074</subfield>
    <subfield code="r">2023-09-13 00:00:00</subfield>
    <subfield code="t">c.2</subfield>
    <subfield code="w">2023-09-13</subfield>
    <subfield code="y">LIBRO</subfield>
  </datafield>
</record>
